00247nam a2200121Ia 4500003000400000008004100004082001700045100001700062245001600079260001400095300000800109650000800117OSt191201s2018 xx 000 0 und d a346.066bSIC aSingh, Avtar 0aCompany Law bEBCc2018 a794 aBBA